Länder mit de jure & de facto Hauptstädten (mit Hinweis) - Statistiken

Allgemein
  • Dieses Quiz wurde 17 mal gespielt
    12 seit der letzten Aktualisierung
  • Das Durchschnittsergebnis liegt bei 8 aus 12
Antwortstatistiken
de jure Hauptstadt de facto Hauptstadt Land % Korrekt
Tel Aviv-Jaffa Jerusalem Israel
100%
Amsterdam Den Haag Niederlande
100%
Sucre La Paz Bolivien
90%
Kuala Lumpur Putrajaya Malaysia
90%
Sri Jayewardenepura Kotte Colombo Sri Lanka
80%
Yamoussoukro Abidjan Elfenbeinküste
70%
Sanaa Aden Jemen
70%
Dodoma Daressalam Tansania
60%
Malabo Ciudad de la Paz Äquatorialguinea
50%
Porto-Novo Cotonou Benin
50%
Mbabane Lobamba Eswatini
40%
Funafuti Vaiaku Tuvalu
40%
Keine übereinstimmenden Quizze gefunden
Verteilung der Resultate
Anzahl Personen mit jedem Resultat
Perzentil nach korrekt beantworteten Fragen
Ihre Resultats-Entwicklung
Sie haben dieses Quiz seit der letzten Aktualisierung nicht gespielt